Lift up your heart. (Record no. 13667)

000 -LEADER
fixed length control field 00614nam a2200205 a 4500
001 - CONTROL NUMBER
control field :::00011490$&:&@@
003 - CONTROL NUMBER IDENTIFIER
control field OkBaRHE
005 - DATE AND TIME OF LATEST TRANSACTION
control field 20000607103409.0
008 - FIXED-LENGTH DATA ELEMENTS--GENERAL INFORMATION
fixed length control field s1955 j 000 0 eng u
020 ## - INTERNATIONAL STANDARD BOOK NUMBER
International Standard Book Number 0816163227
040 ## - CATALOGING SOURCE
Transcribing agency
100 1# - MAIN ENTRY--PERSONAL NAME
Personal name Sheen, Fulton J. (Fulton John), 1895-1979.
245 10 - TITLE STATEMENT
Title Lift up your heart.
260 ## - PUBLICATION, DISTRIBUTION, ETC. (IMPRINT)
Place of publication, distribution, etc New York, NY., ;
Name of publisher, distributor, etc Perma Books
Date of publication, distribution, etc 1955
300 ## - PHYSICAL DESCRIPTION
Extent 313 p.
650 ## - SUBJECT ADDED ENTRY--TOPICAL TERM
Topical term or geographic name as entry element Christian Life
General subdivision Catholic Authors
650 ## - SUBJECT ADDED ENTRY--TOPICAL TERM
Topical term or geographic name as entry element Sight-saving Books
942 ## - ADDED ENTRY ELEMENTS (KOHA)
Source of classification or shelving scheme
Koha item type Books
Copies
Permanent Location Price effective from Shelving location Koha item type Damaged status Date last seen Barcode Not for loan Withdrawn status Copy number Source of classification or shelving scheme Date acquired Full call number Lost status
RHEMA Bible Training College2010-04-14General StacksBooks 2010-04-1411490  1 2010-04-14BX 2350 .S49